000 00481nam a2200193Ia 4500
005 20240823012658.0
008 240823s9999||||xx |||||||||||||| ||und||
020 _a0-393-95872-8
041 _aENGLISH
082 _A810 N8
100 _aBaym.Nina Ed.
245 4 _aThe Norton Anthology of Americal Literature
250 _a5th
260 _c1998
_b"Norton and Company,New"
500 _aTRANSFERED
650 _aGeneral Studies
_bGeneral
942 _cBK
999 _c165084
_d165084